000
00186nam a2200085Ia 4500
008
250605s9999 xx 000 0 und d
041
_a
eng
100
_a
Anirudh Sharma
245
_a
B S Kaiser
999
_c
43705
_d
43705